Go to main content
000009306 001__ 9306
000009306 005__ 20260410132507.0
000009306 0247_ $$2DOI$$a10.6083/1v53jx64k
000009306 037__ $$aIR
000009306 245__ $$aCareer management model
000009306 260__ $$bOregon Health and Science University
000009306 269__ $$a2021
000009306 336__ $$aPoster
000009306 502__ $$bM.S.
000009306 502__ $$gHealthcare Administration
000009306 520__ $$aSuccessful career management is more than a well laid out plan - it involves taking chances, building by-directional relationships, and experimentation. This model illustrates key methods for career growth by centering the process of meaning-making, support from others, and capitalizing on opportunities. This visual also illustrates specific ways to lean in towards deepening one's career path by focusing on specific growth areas. The methods highlighted in this visual can be applied concurrently with the opportunities for continued growth, creating a pathway to discover one's future.
000009306 540__ $$fCC BY
000009306 542__ $$fIn copyright - single owner
000009306 650__ $$aCareer Mobility$$016156
000009306 650__ $$aVocational Guidance$$027898
000009306 650__ $$aMentors$$022053
000009306 650__ $$aJob Satisfaction$$021115
000009306 691__ $$aSchool of Medicine$$041369
000009306 692__ $$aDivision of Management$$041635
000009306 7001_ $$aSebring, Lia$$uOregon Health and Science University$$041354
000009306 8564_ $$9d075f220-272a-43e1-a40c-dcf6942eb806$$s207843$$uhttps://digitalcollections.ohsu.edu/record/9306/files/Sebring.Lia.2021.poster.pdf$$ePublic$$2fd46cec2b3348512c2685ad9250f20ca$$31
000009306 901__ $$a<p>These documents are archival records. They are retained for historical reference only. </p><p><b>Need an accessible version? Use the ‘Get Accessible Copy’ link above.</b></p>
000009306 905__ $$a/rest/prod/1v/53/jx/64/1v53jx64k
000009306 909CO $$ooai:digitalcollections.ohsu.edu:9306$$pstudent-work
000009306 956__ $$aGet Accessible Copy$$uhttps://ohsu.libwizard.com/f/requestaccessibledocument
000009306 980__ $$aCareer Management Frameworks collection